000 00412nmm a2200157Ia 4500
008 251105s9999||||xx |||||||||||||||||und||
041 _aspa
100 _aGraham, Heather
245 0 _aNoche mortal
264 _a[Madrid, España] :
_bHarlequin,
_c2010
300 _a320 páginas
490 _aMira
650 _aThriller & Suspense
856 _uhttps://public.digitaliapublishing.com/a/49916
942 _cCF
999 _c99973
_d99973